| 000 | 00891cam a22002651 4500 | ||
|---|---|---|---|
| 001 | sa 68001958 | ||
| 003 | DLC | ||
| 005 | 20260227112438.0 | ||
| 008 | 891122s1966 ii b b 000 0 malo | ||
| 010 | _asa 68001958 | ||
| 035 | _a(OCoLC)20688023 | ||
| 040 |
_aDLC _cWaU _dDLC |
||
| 043 | _aa-ii--- | ||
| 050 | 0 | 0 |
_aDS485.K4 _bI2 1966 |
| 100 | 0 |
_aIbn Batuta, _d1304-1377. |
|
| 240 | 1 | 0 |
_aTuḥfat al-nuẓẓār fī gharāʼib al-amṣār wa-ʻajāʼib al-asfār. _kSelections. _lMalayalam |
| 245 | 1 | 0 | _aKēraḷaṃ ar̲unnūr̲ukollaṃ munpȧ. |
| 260 |
_a[Trichur? _bV. Panikkassery, _c1966] |
||
| 300 |
_a187 p. _bmap. _c18 cm. |
||
| 500 | _aIn Malayalam. | ||
| 500 | _aTranslation of a portion of the author's Tuḥfat al-nuẓẓār. | ||
| 504 | _aBibliography: p. [179]-180. | ||
| 651 | 0 |
_aKerala (India) _xDescription and travel. |
|
| 700 | 1 |
_aPanikkassery, Velayudhan, _d1938- |
|
| 999 |
_c78346 _d78346 |
||